| 000 | 00593nam a2200205Ia 4500 | ||
|---|---|---|---|
| 003 | 0100 | ||
| 008 | 130303s9999 xx 000 0 und d | ||
| 020 | _a520033183 | ||
| 040 | _cARRUPELIB | ||
| 050 | _aHN773.R66 1977B | ||
| 245 | 4 | _aThe roots of rural poverty in central and southern Africa | |
| 260 | _aBerkeley | ||
| 260 | _bUniversity of California Press | ||
| 260 | _C1977 | ||
| 300 | _axviii | ||
| 300 | _b 430 p. ill. 23 cm | ||
| 440 | _aPerspectives on Southern Africa , 25 | ||
| 700 | _aedited by Robin Palmer, Neil Parsons , Palmer, Robin H.Parsons, Neil | ||
| 942 | 0 | 0 | _01 |
| 999 |
_c13400 _d13400 |
||